000 00646nam a22001817a 4500
003 PILC
005 20160331140730.0
008 160331b xxu||||| |||| 00| 0 eng d
020 _a9789719802419
050 _aT 11
_b.B37 2015
100 _aBarrot, Jessie Saraza.
245 _aTechnical writer's survival kit :
_ba guide to effective technical writing for students and professionals /
_cJessie Saraza Barrot.
260 _aQuezon City :
_bC & E Publishing, Inc.,
_c2015.
300 _aviii, 302 pages :
_billustrations ;
_c26 cm.
500 _aIncludes bibliographical references and index.
650 _aTechnical writing.
942 _2lcc
_cBK
999 _c293099
_d293099